000 01476dam0a2200325 i 4500
001 RU\NLR\bibl\997272
005 20260407171632.0
010 _a5-7103-0977
_9300
021 _aRU
_b2006-50878
_92516
035 _a(NLR Aleph) 000985031
090 _a13280662
_c13280662
100 _a20061016d2004 k y0rusy50 ca
101 0 _arus
102 _aRU
105 _ay z |||||
200 1 _aМатериалы международной научной конференции "Изучение творчества М.Ю. Лермонтова на современном этапе"(15-17 июня 2004 г.), г. Пенза
210 _aПенза
_cПГПУ
_d2004
215 _a269 с.
_d20
225 1 _aЛермонтовский выпуск
_vN 7
320 _aБиблиогр. в конце ст.
600 1 _aЛермонтов
_bМ.Ю.
_f1814 - 1841
_gМихаил Юрьевич
_jСъезды, совещания и т.п.
_9982734
_3RU\NLR\auth\66370134
686 _aШ5(2=Р)51-4Лермонтов.я431
710 1 2 _a"Изучение творчества М. Ю. Лермонтова на современном этапе", международная научная конференция
_f2004
_eПенза
_3RU\NLR\AUTH\8810108002
_9716184
801 0 _aRU
_bNLR
_c20061016
_grcr
801 1 _aRU
_bNLR
_c20061016
852 _aNLR
_jП34/1887
942 _cBOOK